Statystyki dla Najpopularniejsze marki telefonów w Polsce

Kliknij tutaj aby rozwiązać quiz!

Ogólne statystyki

  • Ten quiz został rozwiązany 79 razy
  • Średni wynik to 5 z 10

Statystyki odpowiedzi

MiejsceOdpowiedź% Poprawnych
37%Samsung
95%
19%Huawei
77%
2%Motorola
69%
8%Xiaomi
65%
19%Apple
63%
5%LG
40%
2%Sony
32%
2%Honor
10%
2%Lenovo
10%
1%HTC
8%

Rozkład punktacji

Percentyl według liczby udzielonych odpowiedzi

Procent ludzi z każdym wynikiem

Twoja historia wyników

Nie rozwiązałeś tego quizu